Words their way: Word study for phonics, vocabulary, and spelling instruction

This book provides a practical way to study words with students. First, this book presents an overview of how words are learned, a discussion of development, methods for assessment and for getting started, a finally, a presentation of the principles of word study and how to organize word study in a...

ver descrição completa

Na minha lista:
Detalhes bibliográficos
Autor principal: Donald R Bear
Formato: Livro
Idioma:Undetermined
Publicado em: Englewood Cliffs, New Jersey Prentice-Hall 1996
Assuntos:
Tags: Adicionar Tag
Sem tags, seja o primeiro a adicionar uma tag!
Thư viện lưu trữ: Trung tâm Học liệu Trường Đại học Cần Thơ
LEADER 01189nam a2200193Ia 4500
001 CTU_22349
008 210402s9999 xx 000 0 und d
082 |a 372.414 
082 |b B368 
100 |a Donald R Bear 
245 0 |a Words their way: Word study for phonics, vocabulary, and spelling instruction 
245 0 |c Donald R Bear, Marcia Invernizzi, Shane Templeton 
260 |a Englewood Cliffs, New Jersey 
260 |b Prentice-Hall 
260 |c 1996 
520 |a This book provides a practical way to study words with students. First, this book presents an overview of how words are learned, a discussion of development, methods for assessment and for getting started, a finally, a presentation of the principles of word study and how to organize word study in a classroom. The remainder of the book focuses on particular stages of literacy development. A description of each stage is then followed by a series of word study activities that best complements its development 
650 |a english language - orthography and spelling,reading ( elementary ) - phonetic method,word recognition 
904 |i Minh, 980420 
980 |a Trung tâm Học liệu Trường Đại học Cần Thơ